Vista normal
Vista MARC
Entrada Materia (tema)
Número de registros utilizados en: 1
001 - CONTROL NUMBER
- control field: 179038
003 - CONTROL NUMBER IDENTIFIER
- control field: Co-BoUCM
005 - DATE AND TIME OF LATEST TRANSACTION
- control field: 20231006135301.0
008 - FIXED-LENGTH DATA ELEMENTS
- fixed length control field: 231006|| aca||aabn | a|a d
040 ## - CATALOGING SOURCE
- Original cataloging agency: Co-BoUCM
- Transcribing agency: Co-BoUCM
150 ## - HEADING--TOPICAL TERM
- Topical term or geographic name as entry element: Técnicas
- General subdivision: Guiones cinematográfico
670 ## - SOURCE DATA FOUND
- Source citation: Work cat.: (Co-BoUCM): Seger, Linda 179035, Cómo convertir un buen guion en un guion excelente / , 2022